Statistics for Countries of Europe but backwards!

Click here to take the quiz!

General Stats

  • This quiz has been taken 48 times
  • The average score is 30 of 45

Answers on the Map

Answers color-coded by a green-red scale on the quiz's map according to % correct below.
 

Answer Stats

Country% Correct
aissuR
90%
niapS
90%
dnalecI
87%
ecnarF
87%
yawroN
87%
ylatI
87%
dnalerI
85%
modgniK detinU
85%
dnalniF
82%
kramneD
82%
nedewS
82%
dnaloP
79%
eceerG
79%
ynamreG
77%
aivtaL
74%
lagutroP
74%
airtsuA
72%
suraleB
72%
muigleB
69%
ainablA
67%
ainotsE
67%
aibreS
64%
aitaorC
64%
atlaM
64%
avodloM
64%
ovosoK
64%
aihcezC
62%
aikavolS
62%
ainevolS
62%
airagluB
62%
eniarkU
62%
ocanoM
62%
arrodnA
59%
ainamoR
56%
ainauhtiL
56%
anivogezreH dna ainsoB
54%
gruobmexuL
54%
sdnalrehteN
54%
dnalreztiwS
51%
yragnuH
41%
oniraM naS
38%
ytiC nacitaV
38%
orgenetnoM
36%
nietsnethceiL
33%
ainodecaM htroN
31%

Score Distribution

Percentile by Number Answered

Percent of People with Each Score

Your Score History

You have not taken this quiz